Normal view
MARC view
Entry Topical Term
001 - CONTROL NUMBER
- control field: 15748
003 - CONTROL NUMBER IDENTIFIER
- control field: OSt
005 - DATE AND TIME OF LATEST TRANSACTION
- control field: 20220218165924.0
008 - FIXED-LENGTH DATA ELEMENTS
- fixed length control field: 220218|| aca||aabn | a|a d
040 ## - CATALOGING SOURCE
- Original cataloging agency: OSt
- Transcribing agency: OSt
150 ## - HEADING--TOPICAL TERM
- Topical term or geographic name entry element: Spirituality-Judaism.
670 ## - SOURCE DATA FOUND
- Source citation: Work cat.: (OSt): Goldstein, Rabbi Niles Elliot 15747, The Challenge of the Soul:, 2009
